000 00465nam a22001697a 4500
003 OSt
005 20250701154338.0
008 250701b |||||||| |||| 00| 0 eng d
020 _a9789354655692
100 _aSharma, Sutresh
_9212481
245 _aTextbook of Pharmacology & Pathology for Nurses-II
250 _a2nd Edition
260 _aNew Delhi
_bJaypee Brothers Medical Publishers
_c2024
300 _aXXI;530P.
650 _2Pathology
942 _2ddc
_cDB
999 _c367132
_d367132